Electronic job search revolution : how to win with the new technology that's reshaping today's job market. / (Record no. 749)
[ view plain ]
| 000 -LEADER | |
|---|---|
| fixed length control field | 01005nam a22002057a 4500 |
| 008 - FIXED-LENGTH DATA ELEMENTS--GENERAL INFORMATION | |
| fixed length control field | 120424t xxu||||| |||| 00| 0 eng d |
| 020 ## - INTERNATIONAL STANDARD BOOK NUMBER | |
| International Standard Book Number | 0471115770 9780471115779 |
| 050 ## - LIBRARY OF CONGRESS CALL NUMBER | |
| Classification number | HF382.7.K37 |
| 100 ## - MAIN ENTRY--PERSONAL NAME | |
| Personal name | Kennedy, Joyce Lain. |
| 245 ## - TITLE STATEMENT | |
| Title | Electronic job search revolution : how to win with the new technology that's reshaping today's job market. / |
| Statement of responsibility, etc. | Joyce Lain Kennedy |
| 260 ## - PUBLICATION, DISTRIBUTION, ETC. | |
| Place of publication, distribution, etc. | New York : |
| Name of publisher, distributor, etc. | J. Wiley, |
| Date of publication, distribution, etc. | ©1995. |
| 300 ## - PHYSICAL DESCRIPTION | |
| Extent | xix, 183 p. ; |
| Dimensions | 26 cm. |
| 500 ## - GENERAL NOTE | |
| General note | Includes index. |
| 505 ## - FORMATTED CONTENTS NOTE | |
| Formatted contents note | Contents: The New job market -- Resume database services -- Job computers : Applicant tracking systems -- Armchair job hunting -- Amazing new elctronic employer databases -- The Computerized job interview -- Bedknobs, broomsticks, and job- seeking wizardry -- Computer made simple. |
| 650 ## - SUBJECT ADDED ENTRY--TOPICAL TERM | |
| Topical term or geographic name entry element | Job hunting |
| General subdivision | Technological innovations. |
| 650 ## - SUBJECT ADDED ENTRY--TOPICAL TERM | |
| Topical term or geographic name entry element | Job hunting |
| General subdivision | Computer network resources. |
| 650 ## - SUBJECT ADDED ENTRY--TOPICAL TERM | |
| Topical term or geographic name entry element | Help-wanted advertising |
| General subdivision | Databases. |
| 700 ## - ADDED ENTRY--PERSONAL NAME | |
| Personal name | Morrow, Thomas J. |
| 942 ## - ADDED ENTRY ELEMENTS (KOHA) | |
| Source of classification or shelving scheme | Library of Congress Classification |
| Koha item type | Books |
| Withdrawn status | Lost status | Source of classification or shelving scheme | Damaged status | Not for loan | Home library | Current library | Shelving location | Date acquired | Total Checkouts | Full call number | Barcode | Date last seen | Copy number | Price effective from | Koha item type |
|---|---|---|---|---|---|---|---|---|---|---|---|---|---|---|---|
| Library of Congress Classification | WISCONSIN INTERNATIONAL UNIVERSITY COLLEGE, GHANA - MAIN LIBRARY | WISCONSIN INTERNATIONAL UNIVERSITY COLLEGE, GHANA - MAIN LIBRARY | General Stacks | 24/04/2012 | HF382.7.K37 | 1591/12 | 24/04/2012 | 1 | 24/04/2012 | Books |
